IPL Records - Statistics

General Stats
  • This quiz has been taken 84 times
  • The average score is 11 of 20
Answer Stats
Hint Answer % Correct
Most Runs- 6076 Virat Kohli
97%
Most 6s- 356 Chris Gayle
88%
Most Sixes/ Innings- 17 Chris Gayle
88%
Highest Score- 175* Chris Gayle
88%
Most 100s- 6 Chris Gayle
88%
Fastest Hundred- 30 Balls Chris Gayle
88%
Highest Average- 46.53 KL Rahul
64%
Fastest Fifty- 14 Balls KL Rahul
64%
Most 50s- 50 David Warner
58%
Most Wickets- 170 Lasith Malinga
55%
Best Bowling Innings- 6-12 (3.4 ov) Alzarri Joseph
53%
Most Hat-Tricks - 3 Amit Mishra
50%
Most 4s- 628 Shikhar Dhawan
44%
Highest Strike Rate (Runs/100 balls) - 179.29 Andre Russell
41%
Best Strike Rate/ Innings - 1.50 Suresh Raina
36%
Most Runs Conceded/Innings- 70 Basil Thampi
27%
Best Economy Rate- 6.24 Rashid Khan
27%
Highest Strike Rate in an innings- 500.00 Krunal Pandya
16%
Best Bowling Average- 15.44 Lungi Ngidi
8%
Best SR/Tournament- 12.00 Lungi Ngidi
8%
No matching quizzes found
Score Distribution
Percent of People with Each Score
Percentile by Number Answered
Your Score History
You have not taken this quiz